Minecraft Max Enchantment Levels - Statistics

General Stats
  • This quiz has been taken 24 times
  • The average score is 29 of 43
Answer Stats
Hint Answer % Correct
Curse of Vanishing I
92%
Infinity I
92%
Sharpness V
92%
Curse of Binding I
88%
Silk Touch I
88%
Looting III
88%
Blast Protection IV
88%
Protection IV
88%
Mending I
83%
Fire Aspect II
83%
Unbreaking III
83%
Feather Falling IV
83%
Fire Protection IV
83%
Projectile Protection IV
83%
Power V
83%
Knockback II
75%
Fortune III
75%
Smite V
75%
Flame I
71%
Depth Strider III
71%
Respiration III
71%
Sweeping Edge III
71%
Efficiency V
71%
Lure III
67%
Riptide III
67%
Swift Sneak III
67%
Frost Walker II
63%
Punch II
63%
Luck of the Sea III
63%
Thorns III
63%
Aqua Affinity I
58%
Loyalty III
58%
Quick Charge III
58%
Soul Speed III
58%
Bane of Arthropods V
58%
Channeling I
50%
Impaling V
50%
Multishot I
42%
Wind Burst III
42%
Lunge III
38%
Piercing IV
38%
Density V
33%
Breach IV
25%
No matching quizzes found
Score Distribution
Percent of People with Each Score
Percentile by Number Answered
Your Score History
You have not taken this quiz